30 años de historia del turismo colombiano / (Registro nro. 3874)
[ vista simple ]
| 000 -LEADER | |
|---|---|
| fixed length control field | 01096nam a2200241Ia 4500 |
| 003 - CONTROL NUMBER IDENTIFIER | |
| control field | OSt |
| 005 - DATE AND TIME OF LATEST TRANSACTION | |
| control field | 20200714161428.0 |
| 008 - FIXED-LENGTH DATA ELEMENTS--GENERAL INFORMATION | |
| fixed length control field | 191128s1998 ck a gr 000 0 spa d |
| 020 ## - INTERNATIONAL STANDARD BOOK NUMBER | |
| International Standard Book Number | 9589089488 |
| 040 ## - CATALOGING SOURCE | |
| Original cataloging agency | CO-JMCR |
| Transcribing agency | CO-JMCR |
| 041 0# - LANGUAGE CODE | |
| Language code of text/sound track or separate title | spa |
| 082 04 - DEWEY DECIMAL CLASSIFICATION NUMBER | |
| Classification number | 338.4791 / |
| Item number | C822t |
| Edition number | 23 |
| 110 2# - MAIN ENTRY--CORPORATE NAME | |
| Corporate name or jurisdiction name as entry element | Corporación Nacional de Turismo |
| 9 (RLIN) | 7232 |
| 245 10 - TITLE STATEMENT | |
| Title | 30 años de historia del turismo colombiano / |
| Remainder of title | Corporación Nacional de Turismo de Colombia |
| 246 2# - VARYING FORM OF TITLE | |
| Title proper/short title | Treinta años de historia del turismo colombiano |
| 260 ## - PUBLICATION, DISTRIBUTION, ETC. | |
| Place of publication, distribution, etc. | Bogotá : |
| Name of publisher, distributor, etc. | Corporación Nacional de Turismo, |
| Date of publication, distribution, etc. | 1998 |
| 300 ## - PHYSICAL DESCRIPTION | |
| Extent | 171 páginas : |
| Other physical details | ilustraciones a color ; |
| Dimensions | 21 cm. |
| 504 ## - BIBLIOGRAPHY, ETC. NOTE | |
| Bibliography, etc. note | Bibliografía: páginas 158-162 |
| 505 0# - FORMATTED CONTENTS NOTE | |
| Formatted contents note | Organización del sector a través de su normatividad y control -- Planificación turística y apoyo a la inversión -- Ordenamiento territorial -- Gestión de promoción y capacitación -- Relaciones internacionales -- Los gerentes |
| 610 ## - SUBJECT ADDED ENTRY--CORPORATE NAME | |
| Corporate name or jurisdiction name as entry element | Corporación Nacional de Turismo |
| General subdivision | historia |
| Chronological subdivision | 1968-1998. |
| 9 (RLIN) | 7233 |
| 650 14 - SUBJECT ADDED ENTRY--TOPICAL TERM | |
| Topical term or geographic name entry element | Turismo |
| General subdivision | historia |
| Chronological subdivision | 1968-1998 |
| Geographic subdivision | Colombia |
| 9 (RLIN) | 7234 |
| 942 ## - ADDED ENTRY ELEMENTS (KOHA) | |
| Source of classification or shelving scheme | Dewey Decimal Classification |
| Koha item type | Books |
| Withdrawn status | Lost status | Source of classification or shelving scheme | Damaged status | Not for loan | Collection code | Home library | Current library | Date acquired | Source of acquisition | Total Checkouts | Full call number | Barcode | Date last seen | Date last checked out | Copy number | Koha item type |
|---|---|---|---|---|---|---|---|---|---|---|---|---|---|---|---|---|
| Dewey Decimal Classification | Non-fiction | Biblioteca Pública José María del Castillo y Rada | Biblioteca Pública José María del Castillo y Rada | 12/01/2017 | Donación | 1 | 338.4791 / C822t | 201808435 | 05/16/2024 | 10/11/2023 | Ej.1 | Books |